000 01006nam a22002897a 4500
001 BR2013007821
003 BR-BrBNA
005 20230928104255.0
007 ta
008 230509b bl.||||| |||| 00| 0 por d
040 _aBR-BrBNA
_bpor
_cBiblioteca Nacional de Agricultura
041 _a(Por)
072 _aL73
_b4150
090 _ 4150 BR2013007821
100 1 _aBrito, M.G. de
110 1 _aUniversidade Federal de Minas Gerais, Belo Horizonte, MG (Brasil). Escola de Veterinária
_0Tese (Mestre em Ciência Animal)
_910868
245 1 _aO uso da Terra e a distribuição espacial de casos humanos da síndrome cardiopulmonar por hantavírus em Minas Gerais, 1966 a 2007
260 3 _aBelo Horizonte, MG (Brasil):
_c2012.
300 _a81 p.
500 _aBibliography p. 75-81; Summaries (Eng, Por); 25 illus.; 12 tables
650 _aUSO DA TERRA
650 _aSÍNDROME
650 _aEPIDEMIOLOGIA
650 _aMINAS GERAIS
909 _a202309
_bLucia
_c55
_dLucia Elande
942 _cBK
999 _c79035
_d79035